[Event "20th European Teams Women"]
[Site "Reykjavik ISL"]
[Date "2015.11.15"]
[Round "3.8"]
[Board "3"]
[White "Szczepkowska-Horowska, Karina"]
[Black "Sikorova, Olga"]
[Result "1-0"]
[WhiteTitle "WGM"]
[BlackTitle "WGM"]
[WhiteElo "2392"]
[BlackElo "2230"]
[WhiteTeam "Poland"]
[BlackTeam "Czech Republic"]
[WhiteFideId "1122681"]
[BlackFideId "307033"]
[EventDate "2015.11.13"]

1. d4 Nf6 2. c4 g6 3. Nc3 Bg7 4. e4 d6 5. Nf3 O-O 6. Be2 c5 7. O-O cxd4 8. Nxd4
Nc6 9. Be3 Nxd4 10. Bxd4 Bd7 11. Qd2 Bc6 12. f3 Qa5 13. Rfc1 Rfc8 14. Rab1 Qd8
15. b4 b6 16. Be3 Nd7 17. Nd5 a5 18. a3 axb4 19. axb4 Ra3 20. Bf1 Rca8 21. Kh1
Ra2 22. Rc2 Rxc2 23. Qxc2 e6 24. Nf4 Qf6 25. Ne2 Qh4 26. Rd1 Ra1 27. Rxa1 Bxa1
28. Qd1 Be5 29. f4 Bf6 30. Qxd6 Qe1 31. Kg1 Ba4 32. Qd2 Qb1 33. e5 Be7 34. b5
Nc5 35. Nc3 Qa1 36. Qc1 Qxc1 37. Bxc1 Bc2 38. Be3 h5 39. Ne2 Be4 40. Nd4 Kf8 41.
g3 Ke8 42. h3 Kd7 43. g4 hxg4 44. hxg4 Kc7 45. Be2 Nd3 46. Nb3 Bb4 47. Nd2 Bxd2
48. Bxd2 Nc5 49. Kf2 Nd7 50. Ke3 Bg2 51. Bb4 Nc5 52. Bd1 Bf1 53. Kd4 Nd3 54.
Bd6+ Kc8 55. f5 Nf2 56. fxg6 fxg6 57. Bf3 Bh3 58. g5 Bf1 59. Bc6 Nh3 60. Be7 Nf4
61. Be8 Kb7 62. Bd8 Ka7 63. c5 Ne2+ 64. Ke3 Nc3 65. cxb6+ Kb8 66. Bxg6 Bxb5 67.
Kd4 Nd5 68. Kc5 Nf4 69. Bc7+ 1-0

[Event "20th European Teams Women"]
[Site "Reykjavik ISL"]
[Date "2015.11.15"]
[Round "3.8"]
[Board "4"]
[White "Kulovana, Eva"]
[Black "Majdan-Gajewska, Joanna"]
[Result "0-1"]
[WhiteTitle "WGM"]
[BlackTitle "WGM"]
[WhiteElo "2213"]
[BlackElo "2378"]
[WhiteTeam "Czech Republic"]
[BlackTeam "Poland"]
[WhiteFideId "318779"]
[BlackFideId "1121979"]
[EventDate "2015.11.13"]

1. e4 c5 2. Nf3 e6 3. d4 cxd4 4. Nxd4 a6 5. Bd3 Bc5 6. Nb3 Be7 7. O-O d6 8. c4
Nf6 9. Nc3 Nbd7 10. Qe2 Qc7 11. f4 b6 12. Bd2 Bb7 13. Rae1 h5 14. Qd1 Rd8 15.
Nc1 h4 16. h3 Nh5 17. N1e2 g5 18. fxg5 Bxg5 19. b3 Qc5+ 20. Kh1 Bxd2 21. Qxd2
Qe5 22. Bb1 Rg8 23. Rf2 Ndf6 24. Qe3 Ng3+ 25. Nxg3 Rxg3 26. Rf3 Rxf3 27. Qxf3 b5
28. cxb5 Rc8 29. Nd1 axb5 30. Bd3 Rc1 31. Qe3 Ra1 32. Nf2 Rxa2 33. Qb6 Qg3 34.
Qxb5+ Kf8 35. Qxb7 Rxf2 36. Bf1 Qf4 37. Kg1 Nxe4 38. Qb8+ Kg7 39. Qb6 Nc5 40. b4
Rb2 41. Rd1 Qf2+ 42. Kh2 Ne4 43. Qxf2 Nxf2 44. Rd4 e5 45. Rxh4 d5 46. b5 d4 47.
Kg1 d3 48. b6 d2 49. Be2 d1=Q+ 50. Bxd1 Nxd1 51. Re4 Kf6 52. Re1 Nc3 53. Rf1+
Ke6 0-1

[Event "20th European Teams Women"]
[Site "Reykjavik ISL"]
[Date "2015.11.15"]
[Round "3.9"]
[Board "1"]
[White "Mamedjarova, Zeinab"]
[Black "Reizniece-Ozola, Dana"]
[Result "0-1"]
[WhiteTitle "WGM"]
[BlackTitle "WGM"]
[WhiteElo "2235"]
[BlackElo "2209"]
[WhiteTeam "Azerbaijan"]
[BlackTeam "Latvia"]
[WhiteFideId "13401521"]
[BlackFideId "11601124"]
[EventDate "2015.11.13"]

1. d4 Nf6 2. Bg5 Ne4 3. Bf4 c5 4. f3 Nf6 5. d5 g6 6. c4 b5 7. e4 Bg7 8. cxb5 Nh5
9. Be3 Bxb2 10. Nd2 Bxa1 11. Qxa1 O-O 12. Bxc5 d6 13. Be3 e5 14. dxe6 Bxe6 15.
Ne2 Nd7 16. Nd4 Qh4+ 17. g3 Qf6 18. Be2 Bh3 19. Rg1 Ne5 20. Qb1 Rfc8 21. g4 Rc3
22. g5 Qd8 23. Kf2 Rac8 24. f4 Rxe3 25. Kxe3 Rc3+ 26. Kf2 Nxf4 27. b6 axb6 28.
Nb5 Nxe2 29. Kxe2 Rc5 30. Rg3 Bg4+ 31. Rxg4 Nxg4 32. Nf3 Ne5 33. Nbd4 Nxf3 34.
Nxf3 Qc7 35. Kd2 Qa7 36. Ke3 Qa3+ 37. Kf4 Rc3 38. Qd1 Rd3 39. Qe2 Qc3 40. a4 Kg7
41. h4 Qc1+ 42. Kg3 Re3 43. Qf2 Qc5 44. Kg2 Rxe4 45. Qb2+ Kg8 46. Qf6 Qc8 47.
Qxd6 Rxa4 48. Qxb6 Qg4+ 49. Kf2 Ra2+ 50. Ke3 Ra3+ 51. Kd2 Qg2+ 0-1

[Event "20th European Teams Women"]
[Site "Reykjavik ISL"]
[Date "2015.11.15"]
[Round "3.9"]
[Board "2"]
[White "Rogule, Laura"]
[Black "Mammadova, Gulnar"]
[Result "0-1"]
[WhiteTitle "WGM"]
[BlackTitle "WGM"]
[WhiteElo "2277"]
[BlackElo "2303"]
[WhiteTeam "Latvia"]
[BlackTeam "Azerbaijan"]
[WhiteFideId "11601876"]
[BlackFideId "13403508"]
[EventDate "2015.11.13"]

1. d4 d5 2. c4 e6 3. Nf3 c6 4. Nc3 f5 5. g3 Bd6 6. Bg2 Nf6 7. O-O O-O 8. Qc2 Qe7
9. b3 b6 10. Bb2 Ba6 11. Ne5 Rc8 12. Rac1 Nbd7 13. Nxd7 Qxd7 14. Na4 Rab8 15.
Rfe1 Qe8 16. e3 Ne4 17. f3 Ng5 18. e4 Qg6 19. exf5 exf5 20. c5 bxc5 21. Nxc5
Bxc5 22. Qxc5 f4 23. Qxa7 Ra8 24. Qd7 fxg3 25. hxg3 Bd3 26. Re5 Rf8 27. Qg4 Bf5
28. Qh4 Rxa2 29. Bc3 h6 30. Be1 Rxg2+ 31. Kxg2 Bh3+ 32. Kh1 Qd3 0-1

[Event "20th European Teams Women"]
[Site "Reykjavik ISL"]
[Date "2015.11.15"]
[Round "3.9"]
[Board "3"]
[White "Abdulla, Khayala"]
[Black "Berzina, Ilze"]
[Result "1/2-1/2"]
[WhiteTitle "WGM"]
[BlackTitle "WGM"]
[WhiteElo "2283"]
[BlackElo "2207"]
[WhiteTeam "Azerbaijan"]
[BlackTeam "Latvia"]
[WhiteFideId "13401807"]
[BlackFideId "11601345"]
[EventDate "2015.11.13"]

1. e4 c6 2. d4 d5 3. Nc3 dxe4 4. Nxe4 Nd7 5. c3 Ngf6 6. Nxf6+ Nxf6 7. Bd3 g6 8.
Nf3 Bg7 9. O-O O-O 10. Ne5 Nd5 11. Qf3 Be6 12. Re1 Qd6 13. a3 Rad8 14. Bd2 c5
15. Nc4 Qc7 16. dxc5 Qxc5 17. Qe2 b5 18. Ne5 a6 19. a4 Nb6 20. Be3 Qxe5 21. Bxb6
Qxe2 22. Bxe2 Rd2 23. axb5 axb5 24. Bxb5 Rxb2 25. c4 Bxc4 26. Bxc4 Rxb6 27. Ra7
e6 28. Rd1 Rfb8 29. Rdd7 Rb1+ 30. Bf1 Re1 31. Rxf7 Bd4 32. Rab7 Ra8 33. Rfd7 Rd1
34. Rdc7 Rd2 35. g3 Rxf2 36. Rg7+ Kf8 37. Rxh7 Rf7+ 38. Kg2 Rf2+ 39. Kg1 Rb2+
40. Kh1 Rf2 41. Rb1 Kg8 42. Rd7 Ra1 43. Rxa1 Bxa1 44. Bc4 Rf6 45. Kg2 Kf8 46.
Kh3 Be5 47. Kg4 Rf2 48. Rh7 Rf7 49. Rxf7+ 1/2-1/2

[Event "20th European Teams Women"]
[Site "Reykjavik ISL"]
[Date "2015.11.15"]
[Round "3.9"]
[Board "4"]
[White "Skinke, Katrina"]
[Black "Fataliyeva, Ulviyya"]
[Result "1-0"]
[WhiteTitle "WIM"]
[BlackTitle "WIM"]
[WhiteElo "2222"]
[BlackElo "2294"]
[WhiteTeam "Latvia"]
[BlackTeam "Azerbaijan"]
[WhiteFideId "11602260"]
[BlackFideId "13403052"]
[EventDate "2015.11.13"]

1. e4 e6 2. d4 d5 3. Nc3 Bb4 4. e5 c5 5. a3 Bxc3+ 6. bxc3 Ne7 7. Qg4 O-O 8. Nf3
c4 9. Bg5 Kh8 10. Qh4 Nbc6 11. Kd2 Qc7 12. g4 Ng6 13. Qg3 f6 14. exf6 Qxg3 15.
hxg3 gxf6 16. Be3 Kg8 17. Bg2 Bd7 18. Rh6 b5 19. Rah1 Rf7 20. g5 f5 21. Bf4 a5
22. Nh4 Nce7 23. Bf3 Nxh4 24. R1xh4 b4 25. Bh5 Rg7 26. cxb4 axb4 27. axb4 Nc6
28. g6 Ra7 29. b5 Nxd4 30. gxh7+ Rxh7 31. Rxh7 Kxh7 32. Be5 c3+ 33. Kd3 Bxb5+
34. Kxd4 1-0

[Event "20th European Teams Women"]
[Site "Reykjavik ISL"]
[Date "2015.11.15"]
[Round "3.10"]
[Board "1"]
[White "Theissl Pokorna, Regina"]
[Black "Hoiberg, Nina"]
[Result "0-1"]
[WhiteTitle "WGM"]
[BlackTitle "WIM"]
[WhiteElo "2355"]
[BlackElo "2200"]
[WhiteTeam "Austria"]
[BlackTeam "Denmark"]
[WhiteFideId "14902052"]
[BlackFideId "1400720"]
[EventDate "2015.11.13"]

1. e4 e5 2. Nf3 Nc6 3. d4 exd4 4. Nxd4 Bc5 5. Be3 Qf6 6. c3 d6 7. Bb5 Bd7 8. O-O
Qg6 9. Re1 Nge7 10. Nf5 Bxe3 11. Rxe3 Bxf5 12. exf5 Qf6 13. Bxc6+ bxc6 14. Qe2
Kf8 15. Nd2 Nxf5 16. Rf3 g6 17. Nf1 Qe5 18. Qd2 Re8 19. Ne3 Nxe3 20. Rxe3 Qd5
21. Qe2 Re5 22. Re1 Kg7 23. Rxe5 dxe5 24. c4 Qe6 25. g3 f6 26. Rd1 Re8 27. b3
Re7 28. Qe3 a6 29. Qc5 Rd7 30. Rxd7+ Qxd7 31. Qa7 e4 32. Kg2 g5 33. h3 Kg6 34.
Qc5 Qd6 35. Qe3 Qe5 36. Qe2 c5 37. g4 f5 38. gxf5+ Qxf5 39. Qd2 Qf3+ 40. Kh2
Qf4+ 41. Qxf4 gxf4 42. Kg2 Kf5 43. Kf1 Ke5 44. Ke2 Kd4 45. Kd2 a5 46. h4 Ke5 0-1

[Event "20th European Teams Women"]
[Site "Reykjavik ISL"]
[Date "2015.11.15"]
[Round "3.10"]
[Board "2"]
[White "De Blecourt, Sandra"]
[Black "Newrkla, Katharina"]
[Result "0-1"]
[WhiteTitle "WFM"]
[BlackTitle "WIM"]
[WhiteElo "2141"]
[BlackElo "2206"]
[WhiteTeam "Denmark"]
[BlackTeam "Austria"]
[WhiteFideId "1004948"]
[BlackFideId "1621629"]
[EventDate "2015.11.13"]

1. d4 Nf6 2. c4 g6 3. Nc3 Bg7 4. e4 d6 5. Bd3 O-O 6. Nge2 Nc6 7. O-O Nd7 8. Bc2
e5 9. dxe5 dxe5 10. Be3 Nb4 11. Ba4 a5 12. a3 Na6 13. Bc2 c6 14. Rb1 Qe7 15. Qd2
Ndc5 16. Rfd1 Ne6 17. Bb6 Nac5 18. b4 axb4 19. axb4 Nd7 20. Be3 Rd8 21. Qe1 Ndf8
22. Rxd8 Qxd8 23. Rd1 Nd4 24. Nxd4 exd4 25. Ne2 Ne6 26. Bb1 Ra1 27. Nxd4 Nxd4
28. Kf1 Bg4 29. f3 Be6 30. Qc3 Rxb1 31. Rxb1 Nxf3 32. Qc2 Nxh2+ 33. Kg1 Ng4 34.
Rd1 Qh4 35. Bb6 Qh2+ 36. Kf1 Qh1+ 37. Ke2 Qxg2+ 38. Kd3 Bxc4+ 39. Qxc4 Ne5+ 0-1

[Event "20th European Teams Women"]
[Site "Reykjavik ISL"]
[Date "2015.11.15"]
[Round "3.10"]
[Board "3"]
[White "Exler, Veronika"]
[Black "Guindy, Esmat"]
[Result "1-0"]
[WhiteTitle "WFM"]
[BlackTitle "WFM"]
[WhiteElo "2192"]
[BlackElo "2057"]
[WhiteTeam "Austria"]
[BlackTeam "Denmark"]
[WhiteFideId "1620550"]
[BlackFideId "1401637"]
[EventDate "2015.11.13"]

1. d4 d5 2. c4 e6 3. Nf3 Nf6 4. g3 dxc4 5. Bg2 Bd7 6. Ne5 Bc6 7. Nxc6 Nxc6 8.
O-O Qd7 9. e3 O-O-O 10. Nd2 e5 11. Nxc4 exd4 12. exd4 Nd5 13. Qa4 a6 14. Rd1 Kb8
15. Qb3 f6 16. a3 h5 17. Qd3 h4 18. b4 hxg3 19. hxg3 Nce7 20. Rb1 Qf5 21. Be4
Qh5 22. Bd2 g5 23. b5 axb5 24. Ne3 c6 25. a4 b4 26. Bxb4 Nxe3 27. fxe3 Qh2+ 28.
Kf1 Nd5 29. Be1 f5 30. Bf3 f4 31. exf4 gxf4 32. gxf4 Qxf4 33. Bf2 Rh2 34. Rd2
Bh6 35. Rdb2 b5 36. Rxb5+ Kc7 37. Rb7+ Kd6 38. Qg6+ Qf6 39. Bg3+ Bf4 40. Qxf6+ 1-0

[Event "20th European Teams Women"]
[Site "Reykjavik ISL"]
[Date "2015.11.15"]
[Round "3.10"]
[Board "4"]
[White "Vangsgaard, Freja"]
[Black "Schnegg, Anna-Lena"]
[Result "0-1"]
[BlackTitle "WFM"]
[WhiteElo "1980"]
[BlackElo "2100"]
[WhiteTeam "Denmark"]
[BlackTeam "Austria"]
[WhiteFideId "1436589"]
[BlackFideId "1625268"]
[EventDate "2015.11.13"]

1. d4 d5 2. c4 e6 3. Nc3 Be7 4. cxd5 exd5 5. Bf4 c6 6. Qc2 Nf6 7. e3 Nh5 8. Be5
Nd7 9. Be2 Nxe5 10. dxe5 g6 11. Bxh5 gxh5 12. f4 f6 13. Nf3 O-O 14. O-O fxe5 15.
Nxe5 Bf6 16. Nf3 Bg7 17. Ng5 Bf5 18. Qb3 Qe7 19. e4 Bxc3 20. Qxc3 dxe4 21. Rae1
Rae8 22. Re3 h6 23. Rg3 Bg4 24. h3 hxg5 25. hxg4 h4 26. Rh3 Rxf4 27. Rxf4 gxf4
28. Qe1 e3 29. Rxh4 e2 30. Rh5 Rd8 31. Kh2 Rd1 32. Qc3 Rh1+ 33. Kxh1 e1=Q+ 0-1

[Event "20th European Teams Women"]
[Site "Reykjavik ISL"]
[Date "2015.11.15"]
[Round "3.11"]
[Board "1"]
[White "Unuk, Laura"]
[Black "Mueller-Seps, Monika"]
[Result "1-0"]
[WhiteTitle "WIM"]
[BlackTitle "WGM"]
[WhiteElo "2297"]
[BlackElo "2272"]
[WhiteTeam "Slovenia"]
[BlackTeam "Switzerland"]
[WhiteFideId "14609215"]
[BlackFideId "1308521"]
[EventDate "2015.11.13"]

1. d4 d6 2. Nf3 Nf6 3. g3 g6 4. Bg2 Bg7 5. c4 O-O 6. O-O c6 7. Nc3 Bf5 8. Ne1
Be6 9. b3 d5 10. Nd3 dxc4 11. Nf4 Qc8 12. Ba3 cxb3 13. axb3 Qd7 14. e4 Nh5 15.
Nxe6 Qxe6 16. e5 Rd8 17. f4 f5 18. Ra2 Qf7 19. d5 Na6 20. Rd2 cxd5 21. Bxd5 Rxd5
22. Rxd5 Bf8 23. Rd7 Rc8 24. Nd5 Nc5 25. Rc7 Rxc7 26. Nxc7 Ne6 27. Nd5 Nd8 28.
Qd3 Nc6 29. Rd1 g5 30. Qf3 g4 31. Qc3 Ng7 32. Nc7 e6 33. Bxf8 Qxc7 34. Bc5 Ne7
35. Qc4 Nd5 36. Bxa7 Qd7 37. Rc1 Kf7 38. Qa4 b5 39. Qd4 Qb7 40. Bc5 Ne8 41. Ra1
Nec7 42. Bd6 Na6 43. Rc1 h5 44. Qf2 Ke8 45. h3 Kf7 46. hxg4 hxg4 47. Qh2 Kg6 48.
Qh8 Qh7 49. Qxh7+ Kxh7 50. Rc6 1-0

[Event "20th European Teams Women"]
[Site "Reykjavik ISL"]
[Date "2015.11.15"]
[Round "3.11"]
[Board "2"]
[White "Heinatz, Gundula"]
[Black "Krivec, Jana"]
[Result "1-0"]
[WhiteTitle "WIM"]
[BlackTitle "WGM"]
[WhiteElo "2204"]
[BlackElo "2259"]
[WhiteTeam "Switzerland"]
[BlackTeam "Slovenia"]
[WhiteFideId "4612434"]
[BlackFideId "14601982"]
[EventDate "2015.11.13"]

1. d4 f5 2. e4 fxe4 3. Nc3 Nf6 4. Bg5 g6 5. f3 exf3 6. Qxf3 Bg7 7. Bc4 c6 8. d5
Nxd5 9. Bxd5 cxd5 10. O-O-O Bxc3 11. Qxc3 O-O 12. h4 d6 13. h5 Bf5 14. Rxd5 Na6
15. Rd2 Rc8 16. Qb3+ Rf7 17. Nf3 Nc5 18. Qe3 Ne4 19. hxg6 Bxg6 20. Ne5 Nxd2 21.
Nxg6 Qc7 22. c3 hxg6 23. Rh6 Rg7 24. Qe6+ 1-0

[Event "20th European Teams Women"]
[Site "Reykjavik ISL"]
[Date "2015.11.15"]
[Round "3.11"]
[Board "3"]
[White "Srebrnic, Ana"]
[Black "De Seroux, Camille"]
[Result "1-0"]
[WhiteTitle "WGM"]
[BlackTitle "WFM"]
[WhiteElo "2238"]
[BlackElo "2053"]
[WhiteTeam "Slovenia"]
[BlackTeam "Switzerland"]
[WhiteFideId "14603314"]
[BlackFideId "1305620"]
[EventDate "2015.11.13"]

1. d4 Nf6 2. Nc3 d5 3. Bf4 g6 4. Qd2 h6 5. f3 Bf5 6. g4 Be6 7. O-O-O Bg7 8. Nh3
g5 9. Bg3 c6 10. e3 Nbd7 11. Be2 Qa5 12. Kb1 Nb6 13. Nb5 Qxd2 14. Nc7+ Kd7 15.
Rxd2 Rac8 16. Nxe6 Kxe6 17. b3 Kd7 18. a4 e6 19. Rf1 Ke7 20. Nf2 c5 21. dxc5
Rxc5 22. Nd3 Rcc8 23. h4 Nbd7 24. Rdd1 a6 25. Be1 b6 26. Bb4+ Ke8 27. hxg5 hxg5
28. Rh1 Rxh1 29. Rxh1 a5 30. Ba3 Nc5 31. Ne5 Ke7 32. Bb5 Rc7 33. Nc6+ Kd6 34. e4
e5 35. exd5 Nxd5 36. Rd1 Rxc6 37. c4 Rc7 38. Rxd5+ Ke6 39. Kc2 Bf8 40. Rd8 Be7
41. Rb8 Rb7 42. Rc8 Bd6 43. Bc6 Rc7 44. Re8+ Kf6 45. Bd5 Rd7 46. Rg8 Na6 47. Bc1
Nb4+ 48. Kb1 Nxd5 49. cxd5 e4 50. Bb2+ Be5 51. fxe4 Bxb2 52. Kxb2 Re7 53. d6 Rd7
54. Re8 Kg7 55. e5 Kg6 56. Rg8+ Kh6 57. Kc3 Kh7 58. Rb8 f6 59. e6 1-0

[Event "20th European Teams Women"]
[Site "Reykjavik ISL"]
[Date "2015.11.15"]
[Round "3.11"]
[Board "4"]
[White "Georgescu, Lena"]
[Black "Hrescak, Ivana"]
[Result "1-0"]
[BlackTitle "WFM"]
[WhiteElo "2014"]
[BlackElo "2145"]
[WhiteTeam "Switzerland"]
[BlackTeam "Slovenia"]
[WhiteFideId "1331973"]
[BlackFideId "14613441"]
[EventDate "2015.11.13"]

1. e4 c5 2. Nc3 Nc6 3. Bb5 Nd4 4. Bc4 e6 5. Nge2 Nf6 6. O-O a6 7. d3 b5 8. Bb3
Nxb3 9. axb3 Bb7 10. f4 d5 11. e5 d4 12. exf6 dxc3 13. f5 Qxf6 14. fxe6 cxb2 15.
exf7+ Kd7 16. Bxb2 Qxb2 17. d4 c4 18. Nf4 cxb3 19. cxb3 h5 20. Rf2 Qc3 21. Rc1
Qe3 22. Qc2 Rc8 23. Qf5+ Kd8 24. Qg5+ Kd7 25. Qf5+ Kd8 26. Ne6+ Ke7 27. Rxc8
Bxc8 28. Qc5+ Kxe6 29. d5+ Ke5 30. Qxe3+ Kxd5 31. Rd2+ Kc6 32. Rc2+ Kb7 33. Qe4+ 1-0

[Event "20th European Teams Women"]
[Site "Reykjavik ISL"]
[Date "2015.11.15"]
[Round "3.12"]
[Board "1"]
[White "Daulyte, Deimante"]
[Black "Blagojevic, Tijana"]
[Result "1-0"]
[WhiteTitle "IM"]
[BlackTitle "WIM"]
[WhiteElo "2369"]
[BlackElo "2312"]
[WhiteTeam "Lithuania"]
[BlackTeam "Montenegro"]
[WhiteFideId "12802859"]
[BlackFideId "16500270"]
[EventDate "2015.11.13"]

1. e4 e5 2. Nf3 Nc6 3. Bb5 Nf6 4. d3 Bc5 5. O-O Nd4 6. Nxd4 Bxd4 7. c3 Bb6 8.
Na3 c6 9. Ba4 d6 10. Bb3 Bg4 11. Qe1 O-O 12. Nc4 Bc7 13. f4 exf4 14. Bxf4 d5 15.
Ne3 Bxf4 16. Nxg4 Nxg4 17. Rxf4 Ne5 18. Qg3 Ng6 19. Rg4 d4 20. h4 dxc3 21. bxc3
Qb8 22. Qe3 Kh8 23. d4 f5 24. Rxg6 hxg6 25. e5 f4 26. Qe4 Qd8 27. Rf1 Qe7 28.
Qxg6 f3 29. Qh5# 1-0

[Event "20th European Teams Women"]
[Site "Reykjavik ISL"]
[Date "2015.11.15"]
[Round "3.12"]
[Board "2"]
[White "Milovic, Aleksandra"]
[Black "Zaksaite, Salomeja"]
[Result "0-1"]
[WhiteTitle "WIM"]
[BlackTitle "WIM"]
[WhiteElo "2202"]
[BlackElo "2196"]
[WhiteTeam "Montenegro"]
[BlackTeam "Lithuania"]
[WhiteFideId "933988"]
[BlackFideId "12801496"]
[EventDate "2015.11.13"]

1. d4 Nf6 2. Bg5 d5 3. e3 c5 4. Bxf6 exf6 5. Nf3 Be6 6. Be2 Be7 7. Nbd2 Nd7 8.
O-O O-O 9. c3 f5 10. dxc5 Nxc5 11. Nd4 Ne4 12. Bd3 g6 13. N2f3 a6 14. Qb3 Qd7
15. Rfd1 Qc7 16. Bf1 Bd6 17. g3 b5 18. Ne1 Rfe8 19. Ng2 g5 20. Qc2 f4 21. exf4
gxf4 22. Bd3 Bh3 23. Re1 f5 24. f3 fxg3 25. fxe4 gxh2+ 26. Kh1 dxe4 27. Bf1 Kh8
28. Ne3 Bxf1 29. Rxf1 f4 30. Nd5 Qf7 31. Nxf4 Bxf4 32. Ne2 e3 33. Rxf4 Qd5+ 34.
Kxh2 Qh5+ 35. Kg2 Rg8+ 36. Ng3 Rxg3+ 0-1

[Event "20th European Teams Women"]
[Site "Reykjavik ISL"]
[Date "2015.11.15"]
[Round "3.12"]
[Board "3"]
[White "Batyte, Daiva"]
[Black "Stojanovic, Marija R"]
[Result "1-0"]
[WhiteTitle "WFM"]
[BlackTitle "WIM"]
[WhiteElo "2147"]
[BlackElo "2153"]
[WhiteTeam "Lithuania"]
[BlackTeam "Montenegro"]
[WhiteFideId "12801860"]
[BlackFideId "931411"]
[EventDate "2015.11.13"]

1. c4 Nf6 2. Nc3 g6 3. g3 Bg7 4. Bg2 O-O 5. d4 d6 6. Nf3 Nc6 7. O-O a6 8. h3 Rb8
9. a4 Nd7 10. e3 e5 11. d5 Ne7 12. e4 h6 13. Be3 f5 14. Qc1 g5 15. exf5 Nxf5 16.
Ne4 Nf6 17. Nxf6+ Qxf6 18. Nd2 Bd7 19. Ne4 Qg6 20. c5 Nxe3 21. Qxe3 dxc5 22.
Nxc5 Rfd8 23. Rac1 Qb6 24. Nxd7 Qxe3 25. Nf6+ Bxf6 26. fxe3 1-0

[Event "20th European Teams Women"]
[Site "Reykjavik ISL"]
[Date "2015.11.15"]
[Round "3.13"]
[Board "2"]
[White "Bengtsson, Jessica"]
[Black "Koskela, Niina"]
[Result "0-1"]
[BlackTitle "WGM"]
[WhiteElo "2040"]
[BlackElo "2204"]
[WhiteTeam "Sweden"]
[BlackTeam "Norway"]
[WhiteFideId "1711083"]
[BlackFideId "500755"]
[EventDate "2015.11.13"]

1. e4 e5 2. Nf3 Nc6 3. Bb5 a6 4. Ba4 Nf6 5. d3 d6 6. c3 Be7 7. O-O O-O 8. Re1
Bg4 9. h3 Bh5 10. Nbd2 Nd7 11. Nf1 Bxf3 12. Qxf3 Bg5 13. Ne3 Nc5 14. Bc2 Ne6 15.
Nd5 Bxc1 16. Raxc1 Ne7 17. Nxe7+ Qxe7 18. g3 c6 19. Rcd1 b5 20. d4 exd4 21. cxd4
c5 22. dxc5 dxc5 23. e5 Nd4 24. Qe4 g6 25. h4 Rad8 26. Kg2 Qe6 27. Bb1 b4 28. h5
Rfe8 29. hxg6 hxg6 30. f4 Kg7 31. Rh1 Rh8 32. b3 Qg4 33. Bd3 Nf5 34. Rxh8 Qxg3+
35. Kf1 Rxh8 36. Re1 Rh4 37. Ke2 Rxf4 0-1

[Event "20th European Teams Women"]
[Site "Reykjavik ISL"]
[Date "2015.11.15"]
[Round "3.13"]
[Board "4"]
[White "Blazekovic, Nina"]
[Black "Machlik, Monika"]
[Result "1/2-1/2"]
[WhiteElo "1932"]
[BlackElo "2176"]
[WhiteTeam "Sweden"]
[BlackTeam "Norway"]
[WhiteFideId "1715984"]
[BlackFideId "1513621"]
[EventDate "2015.11.13"]

1. e4 c6 2. c4 d5 3. exd5 cxd5 4. cxd5 Nf6 5. Nc3 Nxd5 6. Nf3 Nc6 7. Bb5 e6 8.
O-O Be7 9. Re1 O-O 10. d4 Bd7 11. Bd3 Rc8 12. Nxd5 exd5 13. Ne5 Nxe5 14. Rxe5
Bc6 15. Qg4 Bf6 16. Rh5 g6 17. Bh6 Re8 18. h4 Bd7 19. Qg3 Be6 20. Re5 Bxh4 21.
Qf4 Bf6 22. Bb5 Bxe5 23. dxe5 Rf8 24. Bg5 f6 25. Bxf6 Qc7 26. Qh6 Qf7 27. Bd3 d4
28. Be4 Rc7 29. Rd1 Rfc8 30. Rxd4 Rc4 31. Qe3 Rxd4 32. Qxd4 Qc7 33. Bg5 Qc5 34.
Qd2 Qxe5 35. Bxb7 Rf8 36. Bh6 Re8 37. Bc6 Rc8 38. Bb7 Re8 39. Bc6 Rc8 40. Bb7
Re8 41. Bc6 Rc8 1/2-1/2

[Event "20th European Teams Women"]
[Site "Reykjavik ISL"]
[Date "2015.11.15"]
[Round "3.14"]
[Board "1"]
[White "Botsari, Anna-Maria"]
[Black "Tuominen, Tanja"]
[Result "1-0"]
[WhiteTitle "WGM"]
[BlackTitle "WIM"]
[WhiteElo "2324"]
[BlackElo "2109"]
[WhiteTeam "Greece"]
[BlackTeam "Finland"]
[WhiteFideId "4200446"]
[BlackFideId "502340"]
[EventDate "2015.11.13"]

1. d4 d5 2. c4 c6 3. Nf3 Nf6 4. Nbd2 g6 5. g3 Bg7 6. Bg2 O-O 7. O-O Bf5 8. Ne5
Nbd7 9. h3 Ne4 10. cxd5 Nxd2 11. Qxd2 cxd5 12. g4 Be6 13. f4 f6 14. Nf3 Bf7 15.
e3 Qc7 16. b3 e5 17. fxe5 fxe5 18. Ba3 exd4 19. exd4 Rfd8 20. Ng5 Be8 21. Ne6
Qb6 22. Nxg7 Kxg7 23. Rae1 Kh8 24. Re7 g5 25. Qxg5 Qxd4+ 26. Rf2 1-0

[Event "20th European Teams Women"]
[Site "Reykjavik ISL"]
[Date "2015.11.15"]
[Round "3.14"]
[Board "3"]
[White "Tsolakidou, Stavroula"]
[Black "Turunen, Tiina"]
[Result "1-0"]
[WhiteTitle "WIM"]
[WhiteElo "2268"]
[BlackElo "1764"]
[WhiteTeam "Greece"]
[BlackTeam "Finland"]
[WhiteFideId "4264312"]
[BlackFideId "510947"]
[EventDate "2015.11.13"]

1. e4 c6 2. d4 d5 3. e5 Bf5 4. h4 h5 5. Bg5 Qd7 6. c4 e6 7. Nc3 dxc4 8. Bxc4 Ne7
9. Nge2 Qc7 10. Ng3 Bg6 11. Bd3 Bxd3 12. Qxd3 Nd7 13. Nce4 Nd5 14. O-O Be7 15.
Bxe7 Nxe7 16. Nd6+ Kf8 17. Qf3 f6 18. Nxh5 Nd5 19. Nf4 Nxf4 20. Qxf4 f5 21. Qg5
Nb6 22. Rfd1 Kg8 23. Rd3 Rf8 24. Rg3 Nc8 25. d5 Rh7 26. dxe6 Nxd6 27. exd6 Qxd6
28. e7 Re8 29. Re1 Qh6 30. Qxf5 Qh5 31. Qe6+ Qf7 32. Qxf7+ Kxf7 33. Rf3+ Kg8 34.
g3 g6 35. Rf6 Rg7 36. Rd6 a6 37. Rd7 b6 38. Re6 Kh7 39. Rxc6 Rgxe7 40. Rxe7+
Rxe7 41. Rxb6 1-0